Responses for Show #9031 - Monday, February 5, 2024

2024 Champions Wildcard Group 2 quarterfinal game 1.

Contestants

[<< previous game]

Jesse Chin, an accounting director from Bayside, New York

Mira Hayward, a podcast host from Portland, Oregon

Kate Campolieta, a corporate communications specialist from Simsbury, Connecticut

[next game >>]

Jeopardy! Round responses

HISTORICAL AMERICAN CURRENCY
2 ACTORS, ONE TV SHOW
LAKES & RIVERS
THE "ARE" YOU BREATHE
(Ken: Each correct response will contain the sequence "A-R-E", pronounced "air".)
IT'S GIVING...
TOOLS
    $200 24
Massachusetts

Mira
    $200 8
The West Wing

Jesse
    $200 27
a (volcanic) crater

Kate
    $200 23
snare

Kate
    $200 28
(Jesse: What is UNICEF?)

the United Nations

Jesse
Triple Stumper
    $200 30
a drill

Jesse
    $400 25
(Kate: Who is Sacagawea?)

Pocahontas

KateJesse
    $400 6
[ERRATUM: NBC stopped airing the show in 2014, with the final 2015 season running on streaming service Yahoo! Screen.]

Community

Kate
    $400 26
the Nile

Mira
    $400 21
a daredevil

Jesse
    $400 2
(John D.) Rockefeller

Mira
    $400 29
a hammer

Jesse
    $600 22
(Ken: Lone Star State, right.)

Texas

Jesse
    $600 7
(Mira: What is the Enterprise?)

Voyager

KateMira
    $600 19
Lake Ontario

Mira
    $600 20
bare knuckle

Jesse
    $600 1
the Salvation Army

Kate
    $600 18
a letter L

Triple Stumper
    $800 3
Morse

Mira
    $800 10
Ghosts

Kate
    $800 12
Ebola

Mira
    $800 11
sharecroppers

Mira
    $800 17
Caltech

Triple Stumper
    $800 4
ratchet

Mira
    $1000 14
Salmon P. Chase

Triple Stumper
    $1000 9
True Blood

Kate
    $1000 16
(Mira: What is Lake Baikal?)

the Caspian Sea

Mira
Triple Stumper
    $3,000 13
(Ken: Mira?)
(Mira: What are flare?)

fanfare

Mira
    $1000 15
the Fred Hutchinson Cancer Center

Triple Stumper
    $1000 5
[Kate gave both responses.]
(Ken: Yeah, either way; wouldn't it be nice to have a real [**]?)
(Kate: Wouldn't that be great?)
[Laughter]

a stud detector (stud finder)

Kate

Scores at the first commercial break (after clue 15):

Kate Mira Jesse
$4,400 $0 $200

Scores at the end of the Jeopardy! Round:

Kate Mira Jesse
$4,400 $200 $2,600

Double Jeopardy! Round responses

BRITISH LITERATURE
NOTHING BUT MAMMALS
SOME LAZY WORDS
TRICKS OF THE SHOW BIZ TRADE
SINGLE-NAMED SINGERS
FINAL RESTING PLACES
    $400 24
Oliver Twist

Mira
    $400 27
a platypus

Mira
    $400 28
sluggish

Mira
    $400 30
cry

Mira
    $400 10
Beyoncé

Jesse
    $400 22
Graceland

Mira
    $800 23
J.K. Rowling

Mira
    $800 26
hamsters

Kate
    $800 25
a clock-watcher

Mira
    $800 29
auditions

Mira
    $800 8
Macklemore

Jesse
    $800 21
Princess Diana

Jesse
    $1200 14
the Wife of Bath

Triple Stumper
    $2,000 12
(Jesse: The lion seal?)
...
(Ken: And remember your phrasing, Jesse.)

sea lions

Jesse
    $1200 19
yawning

Triple Stumper
    $1200 18
(Mira: What is a handstand?)

tightrope walking

MiraJesse
    $1200 9
Gotye

Kate
    $1200 11
(Ken: It's a reference to his Some Like It Hot.)

Billy Wilder

Triple Stumper
    $1600 1
The Rime of the Ancient Mariner

Triple Stumper
    $1600 2
a snowshoe hare

Mira
    $1,800 3
malingering

Mira
    $1600 16
BPM (beats per minute)

Mira
    $1600 5
Jewel

Triple Stumper
    $1600 6
(Ken: Yes, Principia.)

Newton

Kate
    $2000 4
(Mira: My favorite book.)
(Ken: Podcast must have helped.)

Wolf Hall

Mira
    $2000 13
(Jesse: Uh, what's a mink? I don't know.)

civet

MiraJesse
    $2000 15
lethargic

Mira
    $2000 17
Timbaland

Jesse
    $2000 7
(Jesse: Who's Twiggy?)

Nico

Jesse
Triple Stumper
    $2000 20
Melville

Mira

Scores at the end of the Double Jeopardy! Round:

Kate Mira Jesse
$8,000 $16,400 $1,800
(lock game)

[wagering suggestions for these scores]

Final Jeopardy! Round responses

WORLD FLAGS
[Applause and laughter for Jesse's response]
...
(Ken: [To Kate] Angkor Wat on the flag.)
JesseWhat is Congratulations Mira!
$0
KateWhat is Cambodia? hi nana! ♥
$0
MiraWhat is Cambodia?
$0
Cambodia

Final scores:

Kate Mira Jesse
$8,000 $16,400 $1,800
2nd place: $5,000 Winner: semifinalist 3rd place: $5,000

Game dynamics:

Coryat scores:

Kate Mira Jesse
$8,000 $19,200 $3,800
11 R,
1 W
23 R
(including 1 DD),
4 W
(including 1 DD)
12 R,
4 W
(including 1 DD)

Combined Coryat: $31,000

[game clues] [game scores] [suggest correction]

Game tape date: 2024-01-17
The J! Archive is created by fans, for fans. Scraping, republication, monetization, and malicious use prohibited; this site may use cookies and collect identifying information. See terms. The Jeopardy! game show and all elements thereof, including but not limited to copyright and trademark thereto, are the property of Jeopardy Productions, Inc. and are protected under law. This website is not affiliated with, sponsored by, or operated by Jeopardy Productions, Inc. Join the discussion at JBoard.tv.